000 00537nam a22001817a 4500
005 20251108163343.0
008 250721s9999 xx 000 0 ara d
082 1 4 _a214.2/عبد
100 1 _aنوفل، عبد الرزاق
245 1 0 _aيوحنا المعمدان النبي يحيى عليه السلام /
250 _aط2
264 1 _aالقاهرة :
_bمطبوعات الشعب،
_c[19-].
300 _a144ص
650 1 7 _aأصول الدين الإسلامي
650 1 7 _aالنبوة
942 _2ddc
_cBK
999 _c548
_d548